English Heritage begins radical overhaul of listed building system (Record no. 117192)

MARC details
000 -LEADER
fixed length control field 01201cam a2200229 4500
001 - CONTROL NUMBER
control field WB4014-03
008 - FIXED-LENGTH DATA ELEMENTS--GENERAL INFORMATION
fixed length control field 040408n2004 000 0 eng u
035 ## - SYSTEM CONTROL NUMBER
System control number (Sirsi) u125807
245 ## - TITLE STATEMENT
Title English Heritage begins radical overhaul of listed building system
260 ## - PUBLICATION, DISTRIBUTION, ETC.
Date of publication, distribution, etc. 2004
490 ## - SERIES STATEMENT
Series statement Building
Volume/sequential designation 269 (8327) 8 April 2004, 16(1)
520 ## - SUMMARY, ETC.
Summary, etc. English Heritage announces the launch of 15 pilot projects across England and Wales to test changes to the listing system. The aim of this is to simplify heritage protection by amalgamating statutory protection measures including listing historic building and registering parks, gardens and battlefields. The Department of Culture, Media and Sport plans to put the results of the pilot projects into a policy paper to be published at the end of this year. For the English Heritage News item: http://www.english-heritage.org.uk/default.asp?wci =mainframe&URL1=default.asp%3FWCI%3DNode%26WCE%3D7 282
590 ## - LOCAL NOTE (RLIN)
Local note WB
590 ## - LOCAL NOTE (RLIN)
Local note WB
650 ## - SUBJECT ADDED ENTRY--TOPICAL TERM
Topical term or geographic name entry element ENGLISH HERITAGE
650 ## - SUBJECT ADDED ENTRY--TOPICAL TERM
Topical term or geographic name entry element HERITAGE PROTECTION
650 ## - SUBJECT ADDED ENTRY--TOPICAL TERM
Topical term or geographic name entry element HISTORIC BUILDINGS
650 ## - SUBJECT ADDED ENTRY--TOPICAL TERM
Topical term or geographic name entry element PILOT PROJECT
650 ## - SUBJECT ADDED ENTRY--TOPICAL TERM
Topical term or geographic name entry element LOCAL AUTHORITIES
690 ## - LOCAL SUBJECT ADDED ENTRY--TOPICAL TERM (OCLC, RLIN)
Topical term or geographic name as entry element BUILDING CONSERVATION
942 ## - ADDED ENTRY ELEMENTS (KOHA)
Suppress in OPAC 0
Holdings
Withdrawn status Lost status Source of classification or shelving scheme Damaged status Not for loan Home library Current library Shelving location Date acquired Total Checkouts Full call number Barcode Date last seen Copy number Price effective from Koha item type
    Dewey Decimal Classification     London London RICS Boxes 08/04/2004   WB4014-03 125807-1001 06/08/2019 1 06/08/2019 Book